[Event "Titled Tue 3rd Jan Late"]
[Site "chess.com INT"]
[Date "2025.06.03"]
[Round "10"]
[White "Tan, Zhongyi"]
[Black "Mendes Aaron Reeve"]
[Result "1/2-1/2"]
[WhiteTitle "GM"]
[BlackTitle "IM"]
[WhiteElo "2536"]
[BlackElo "2335"]
[WhiteFideId "8603642"]
[BlackFideId "25954938"]
[EventDate "2025.06.03"]

1. e4 c5 2. Nf3 d6 3. d4 cxd4 4. Nxd4 Nf6 5. Nc3 a6 6. Be3 e5 7. Nb3 Be6 8. f3
Be7 9. Qd2 h5 10. Be2 Nbd7 11. O-O Qc7 12. Nd5 Nxd5 13. exd5 Bf5 14. c4 a5 15.
a4 b6 16. f4 exf4 17. Bxf4 Bg6 18. Nd4 O-O 19. Nb5 Qc5+ 20. Kh1 Rfe8 21. Rae1
Ne5 22. b3 Ng4 23. Bxg4 hxg4 24. Be3 Qc8 25. Bxb6 Bh4 26. Bf2 Bxf2 27. Qxf2 Qd7
28. Qb6 Bd3 29. Rg1 Rxe1 30. Rxe1 Re8 31. Qxa5 g3 32. Qd2 Be4 33. hxg3 Qh3+ 34.
Kg1 Qxg3 35. Nc3 f5 36. Nxe4 Rxe4 37. Rxe4 fxe4 38. a5 Qxb3 39. Qe2 e3 40. a6
Qa3 41. Kh2 Qxa6 42. Qxe3 Qxc4 43. Qe6+ Kh8 44. Qxd6 Qh4+ 45. Kg1 Qe1+ 46. Kh2
Qh4+ 47. Kg1 Qe1+ 48. Kh2 Qh4+ 1/2-1/2

[Event "Titled Tue 3rd Jan Late"]
[Site "chess.com INT"]
[Date "2025.06.03"]
[Round "10"]
[White "Vila Dupla, Aurelio"]
[Black "Thake, Conrad"]
[Result "1-0"]
[WhiteTitle "FM"]
[BlackTitle "CM"]
[WhiteElo "2056"]
[BlackElo "1873"]
[WhiteFideId "2203383"]
[BlackFideId "5602947"]
[EventDate "2025.06.03"]

1. Nf3 Nf6 2. d4 d5 3. c4 c6 4. cxd5 cxd5 5. Nc3 Nc6 6. Bf4 Qb6 7. Na4 Qa5+ 8.
Bd2 Qd8 9. Rc1 Bf5 10. e3 e6 11. Nc5 Bxc5 12. Rxc5 O-O 13. Nh4 Ne4 14. Nxf5 Nxc5
15. Nxg7 Ne4 16. Nh5 Qg5 17. Ng3 Nxd2 18. Qxd2 Rac8 19. Bd3 a5 20. h4 Qg7 21.
Rh3 Nb4 22. Bb1 f5 23. a3 Nc6 24. Nh5 Qh6 25. Nf4 Kh8 26. Ba2 Rg8 27. Kf1 Rg7
28. Rh1 Rcg8 29. g3 a4 30. Qc2 Rc8 31. Kg2 b5 32. Qd3 Rb7 33. Rc1 Na7 34. Rxc8+
Nxc8 35. Qc3 Qf8 36. Qc6 Re7 37. Nxe6 Qf6 38. Bxd5 Na7 39. Qa8+ 1-0

[Event "Titled Tue 3rd Jan Late"]
[Site "chess.com INT"]
[Date "2025.06.03"]
[Round "10"]
[White "Bian, Alex"]
[Black "Ersoz, Teoman Guney"]
[Result "1-0"]
[WhiteTitle "FM"]
[BlackTitle "CM"]
[WhiteElo "2342"]
[BlackElo "2090"]
[WhiteFideId "2056372"]
[BlackFideId "44537050"]
[EventDate "2025.06.03"]

1. e4 c5 2. Nf3 e6 3. d4 cxd4 4. Nxd4 a6 5. Bd3 Bc5 6. Nb3 Ba7 7. Qg4 Nf6 8. Qf3
Nc6 9. Nc3 Ne5 10. Qg3 Nxd3+ 11. cxd3 d6 12. O-O b5 13. Bf4 Nh5 14. Qf3 Nxf4 15.
Qxf4 Bb7 16. d4 b4 17. Ne2 a5 18. Rac1 a4 19. Nd2 Ba6 20. Nc4 O-O 21. Rfe1 Rc8
22. Nxd6 Rxc1 23. Nxc1 Bxd4 24. e5 Qb6 25. b3 a3 26. Rd1 Bc3 27. Nd3 Qa7 28.
Nxb4 f6 29. Nc6 Qc7 30. Qg4 f5 31. Qa4 Ra8 32. Nd4 Bb7 33. Qc4 Qxc4 34. Nxc4 Bd5
35. Nb5 Bb2 36. Nc7 Rd8 37. Nxe6 Rd7 38. Nb6 Bxe6 39. Nxd7 Bxb3 40. axb3 a2 41.
b4 a1=Q 42. Rxa1 Bxa1 43. b5 Kf7 44. b6 Bxe5 45. Nxe5+ Ke6 46. b7 Kxe5 47. b8=Q+ 1-0

[Event "Titled Tue 3rd Jan Late"]
[Site "chess.com INT"]
[Date "2025.06.03"]
[Round "10"]
[White "Yue, Tariq"]
[Black "Erzhanov, Arman"]
[Result "1-0"]
[WhiteTitle "CM"]
[BlackTitle "FM"]
[WhiteElo "2192"]
[BlackElo "2136"]
[WhiteFideId "30975182"]
[BlackFideId "4138821"]
[EventDate "2025.06.03"]

1. Nf3 c5 2. b3 Nc6 3. Bb2 d5 4. e3 a6 5. c4 Nf6 6. cxd5 Nxd5 7. Nc3 Ndb4 8. d3
Bf5 9. e4 Bg4 10. a3 Bxf3 11. gxf3 Nd4 12. axb4 cxb4 13. Nd5 Nc6 14. d4 e6 15.
Ne3 Be7 16. d5 exd5 17. exd5 Nb8 18. Nf5 Bf6 19. Bxf6 Qxf6 20. Bd3 Qc3+ 21. Kf1
O-O 22. Rc1 Qe5 23. Ng3 g6 24. Be4 Nd7 25. Kg2 f5 26. Bb1 Nf6 27. Re1 Qf4 28.
Rc4 Qg5 29. h4 Qh6 30. Qc1 Qg7 31. Rc7 Rf7 32. Rxf7 Qxf7 33. d6 Nd5 34. Qc4 1-0

[Event "Titled Tue 3rd Jan Late"]
[Site "chess.com INT"]
[Date "2025.06.03"]
[Round "10"]
[White "Petrenko, Maryna"]
[Black "Pereyra, Horacio"]
[Result "1-0"]
[WhiteTitle "WFM"]
[WhiteElo "2116"]
[BlackElo "2133"]
[WhiteFideId "14197820"]
[BlackFideId "113700"]
[EventDate "2025.06.03"]

1. d4 g6 2. c4 Bg7 3. Nf3 d6 4. g3 Nd7 5. Bg2 e5 6. Nc3 Ne7 7. O-O Nc6 8. d5 Ne7
9. e4 h6 10. Be3 O-O 11. Qd2 Kh7 12. Ne1 f5 13. f4 Nf6 14. Nd3 Ng4 15. fxe5 Nxe3
16. Qxe3 dxe5 17. Qe2 b6 18. exf5 Nxf5 19. Nxe5 Re8 20. Nf7 Qd7 21. Qd3 Qxf7 22.
g4 Bd7 23. gxf5 Bxf5 24. Be4 Bxe4 25. Nxe4 Qe7 26. Rae1 Kh8 27. Qg3 g5 28. Qh3
Qe5 29. Kh1 Qd4 30. Nxg5 Rxe1 31. Rxe1 Qf4 32. Ne6 Qf2 33. Rg1 Rg8 34. Nxg7 Qf6
35. Ne6 Re8 36. Rf1 Qg6 37. Qc3+ Kh7 38. Nf8+ 1-0

[Event "Titled Tue 3rd Jan Late"]
[Site "chess.com INT"]
[Date "2025.06.03"]
[Round "10"]
[White "Xiong, Jeffery"]
[Black "Niemann, Hans Moke"]
[Result "0-1"]
[WhiteTitle "GM"]
[BlackTitle "GM"]
[WhiteElo "2636"]
[BlackElo "2736"]
[WhiteFideId "2047640"]
[BlackFideId "2093596"]
[EventDate "2025.06.03"]

1. c4 e5 2. Nc3 Nf6 3. Nf3 Nc6 4. g3 Nd4 5. Bg2 Nxf3+ 6. Bxf3 Bc5 7. Na4 Be7 8.
Nc3 Bc5 9. Na4 d6 10. Nxc5 dxc5 11. d3 O-O 12. Be3 Qe7 13. O-O Rb8 14. Qa4 a6
15. a3 Bd7 16. Qc2 Ng4 17. Qd2 Nxe3 18. Qxe3 a5 19. b4 axb4 20. axb4 cxb4 21. c5
b6 22. c6 Bh3 23. Rfb1 Ra8 24. Rxa8 Rxa8 25. Qe4 Ra5 26. Bg2 Be6 27. f4 exf4 28.
gxf4 Qc5+ 29. d4 Qc3 30. d5 Rxd5 31. Qxb4 Qe3+ 32. Kh1 Rc5 33. Rd1 g6 34. Bf3
Bh3 35. Qb2 Rc3 36. Qa1 Kg7 37. Rd3 Qc1+ 38. Rd1 Qxa1 39. Rxa1 b5 40. Kg1 b4 41.
Rb1 b3 42. Bd5 Be6 43. e4 Bxd5 44. exd5 Kf6 45. d6 cxd6 46. c7 Rxc7 47. Rxb3 Rc4 0-1

[Event "Titled Tue 3rd Jan Late"]
[Site "chess.com INT"]
[Date "2025.06.03"]
[Round "10"]
[White "Flynn, Jacob"]
[Black "Khodabandeh, Milad"]
[Result "1-0"]
[WhiteTitle "CM"]
[BlackTitle "CM"]
[WhiteElo "2271"]
[BlackElo "1957"]
[WhiteFideId "2509393"]
[BlackFideId "12538620"]
[EventDate "2025.06.03"]

1. Nf3 Nf6 2. c4 c5 3. Nc3 Nc6 4. e3 e6 5. d4 d5 6. dxc5 Bxc5 7. a3 dxc4 8.
Qxd8+ Nxd8 9. Bxc4 Nc6 10. b4 Bb6 11. Bb2 O-O 12. O-O a6 13. Rac1 Bd7 14. Rfd1
Rfd8 15. Na4 Ba7 16. Be2 Ne4 17. Bd3 Nf6 18. Nc5 Bxc5 19. Rxc5 Rac8 20. Be2 Be8
21. Rdc1 Ne7 22. Rxc8 Rxc8 23. Rxc8 Nxc8 24. Ne5 Nd7 25. Bf3 Nxe5 26. Bxe5 Bc6
27. Bxc6 bxc6 28. Kf1 Nb6 29. Bb2 Nc4 30. Bc1 f5 31. Ke2 e5 32. Kd3 Nd6 33. Bb2
e4+ 34. Kd4 Nb7 35. Ke5 g6 36. Ke6 c5 37. Kd5 cxb4 38. axb4 a5 39. b5 a4 40. Kc6
Na5+ 41. Kc7 Nc4 42. Bc3 Kf7 43. b6 Nxb6 44. Kxb6 Ke6 45. Kc5 a3 46. Kc4 a2 47.
h4 h6 48. g3 g5 49. h5 g4 50. Ba1 Kd6 51. Bd4 Kc6 52. Kb3 Kb5 53. Kxa2 Kc4 54.
Bg7 Kd3 55. Bxh6 Ke2 56. Bf4 Kxf2 57. h6 1-0

[Event "Titled Tue 3rd Jan Late"]
[Site "chess.com INT"]
[Date "2025.06.03"]
[Round "10"]
[White "Sarana, Alexey"]
[Black "Jumabayev, Rinat"]
[Result "1-0"]
[WhiteTitle "GM"]
[BlackTitle "GM"]
[WhiteElo "2686"]
[BlackElo "2551"]
[WhiteFideId "24133795"]
[BlackFideId "13702661"]
[EventDate "2025.06.03"]

1. e4 c5 2. Nf3 e6 3. d4 cxd4 4. Nxd4 a6 5. Nc3 Qc7 6. Be2 Nf6 7. O-O Bb4 8. Qd3
Nc6 9. Nxc6 bxc6 10. f4 d5 11. e5 Nd7 12. Qg3 g6 13. Kh1 a5 14. a3 Be7 15. Na4
Ba6 16. Bxa6 Rxa6 17. c4 Nb6 18. Nxb6 Rxb6 19. b3 Qb7 20. Rf3 dxc4 21. bxc4 Rb1
22. Rxb1 Qxb1 23. Rf1 O-O 24. Qf3 a4 25. h3 Rd8 26. Kh2 Qd3 27. Qxd3 Rxd3 28.
Rf3 Rd1 29. Rc3 h5 30. Kg3 Kf8 31. c5 Ke8 32. Kf3 Kd7 33. Rc4 Rd3+ 34. Ke2 Rg3
35. Kf2 Rb3 36. Ke2 h4 37. Kf2 Kc8 38. Kf1 Kb7 39. Ke2 Kc8 40. Rxa4 Bxc5 41.
Ra8+ Kd7 42. a4 Rb1 43. Kd2 Rb3 44. Rh8 Rb4 45. Kd3 Rxa4 46. Rxh4 1-0

[Event "Titled Tue 3rd Jan Late"]
[Site "chess.com INT"]
[Date "2025.06.03"]
[Round "10"]
[White "Deichmann, Esteban Horacio"]
[Black "Pulido Alvarez, Ariel"]
[Result "1-0"]
[BlackTitle "FM"]
[WhiteElo "2085"]
[BlackElo "2252"]
[WhiteFideId "167410"]
[BlackFideId "3503011"]
[EventDate "2025.06.03"]

1. e3 Nf6 2. e4 Nxe4 3. g3 d5 4. Bg2 Nf6 5. d4 Bg4 6. f3 Bf5 7. g4 Bg6 8. h4 h6
9. Nh3 e6 10. Nf4 Bh7 11. g5 Nfd7 12. g6 Bxg6 13. Nxg6 fxg6 14. Nc3 Nc6 15. Ne2
Qf6 16. c3 Bd6 17. Qb3 O-O-O 18. c4 Nxd4 19. Nxd4 Qxd4 20. Be3 Qxc4 21. Qd1 Bg3+
22. Bf2 Qb4+ 23. Kf1 Bxf2 24. Kxf2 Qxb2+ 25. Kg3 Rhf8 26. Qa4 Nf6 27. Qxa7 Nh5+
28. Kh2 Nf4 29. Rag1 Qe5 30. Qf2 Nh5+ 31. Kh3 Rf4 32. Re1 Qf6 33. Rc1 Rb4 34.
Rxc7+ Kxc7 35. Qc5+ Kb8 36. Qxb4 Qf5+ 37. Kh2 Qe5+ 38. Kg1 Rc8 39. Rh2 Rc1+ 40.
Bf1 Qe3+ 41. Rf2 Ng3 42. Qd6+ Ka7 43. Qxg3 d4 44. Kg2 d3 45. Qd6 Rc2 46. Qa3+
Kb8 47. Rxc2 1-0

[Event "Titled Tue 3rd Jan Late"]
[Site "chess.com INT"]
[Date "2025.06.03"]
[Round "10"]
[White "Vazelakis, Dimitrios"]
[Black "Montano Vicente, Guadalupe"]
[Result "1/2-1/2"]
[WhiteElo "1857"]
[BlackElo "1940"]
[WhiteFideId "4203674"]
[BlackFideId "5181399"]
[EventDate "2025.06.03"]

1. d4 Nf6 2. Nc3 d5 3. Bf4 e6 4. Nb5 Na6 5. e3 c5 6. dxc5 Bxc5 7. Nf3 O-O 8. Bd3
Bd7 9. O-O Nb4 10. Ne5 Nxd3 11. Qxd3 a6 12. Nd4 Rc8 13. c3 Bxd4 14. Qxd4 Bb5 15.
Rfd1 h6 16. a4 Bc6 17. a5 Ne4 18. Nxc6 bxc6 19. c4 c5 20. Qd3 Nf6 21. Be5 Re8
22. Bxf6 Qxf6 23. cxd5 exd5 24. Qxd5 Qxb2 25. Rab1 Qe5 26. Qxe5 Rxe5 27. Rb6 c4
28. Rxa6 c3 29. Rc1 c2 30. Rd6 Rxa5 31. Kf1 Rac5 32. Ke2 Kf8 33. Rd7 Ke8 34. Rd2
Ke7 35. f3 Ke6 36. e4 f5 37. exf5+ Kxf5 38. g3 g5 39. Rd6 h5 40. Rd4 Rc3 41. Rd3
R3c5 42. Kd2 g4 43. f4 Ke4 44. Re1+ Kf5 45. Rc1 Ke4 46. Re1+ Kf5 47. Rc1 1/2-1/2

[Event "Titled Tue 3rd Jan Late"]
[Site "chess.com INT"]
[Date "2025.06.03"]
[Round "10"]
[White "Sivakumar, Ashvin"]
[Black "Horobetz, Graham"]
[Result "1-0"]
[WhiteTitle "FM"]
[WhiteElo "2175"]
[BlackElo "2250"]
[WhiteFideId "5804655"]
[BlackFideId "2047322"]
[EventDate "2025.06.03"]

1. e4 c5 2. Nf3 e6 3. Be2 Nc6 4. d3 Nf6 5. Nbd2 d5 6. exd5 exd5 7. O-O Bd6 8. c3
O-O 9. Re1 Bc7 10. Nf1 Qd6 11. Ng3 Re8 12. a4 Bg4 13. Be3 h5 14. Bg5 Nh7 15. Be3
Bxf3 16. Bxf3 h4 17. Nf1 Ne5 18. d4 Nxf3+ 19. Qxf3 c4 20. Bd2 g6 21. Qg4 Qf6 22.
Qd7 Rxe1 23. Rxe1 Qd8 24. Re7 Rc8 25. Qxd8+ Bxd8 26. Rxb7 Bg5 27. Bxg5 Nxg5 28.
Ne3 h3 29. gxh3 Nf3+ 30. Kg2 Ne1+ 31. Kg3 Rd8 32. Rxa7 Nd3 33. Rb7 Kg7 34. a5
Ra8 35. Nxd5 Rxa5 36. Nb6 Nxb2 37. Nd7 Ra2 38. Ne5 Nd1 39. Rxf7+ Kg8 40. Rf3 Rc2
41. Nxc4 Nxc3 42. Nd6 Ne2+ 43. Kg4 Nxd4 44. Rf4 Ne6 45. Rf6 Nf8 46. Ne4 Rc4 47.
f3 Kg7 48. Kg3 Nh7 49. Ra6 Kh6 50. h4 Rc8 51. Kg4 Rc1 52. h5 Rg1+ 53. Ng3 Nf6+
54. Rxf6 Kg7 55. Rxg6+ 1-0

[Event "Titled Tue 3rd Jan Late"]
[Site "chess.com INT"]
[Date "2025.06.03"]
[Round "10"]
[White "Shukhman, Anna"]
[Black "Panarin, Mikhail"]
[Result "0-1"]
[WhiteTitle "WGM"]
[BlackTitle "GM"]
[WhiteElo "2413"]
[BlackElo "2562"]
[WhiteFideId "54180058"]
[BlackFideId "4153251"]
[EventDate "2025.06.03"]

1. e4 c6 2. d4 d5 3. e5 c5 4. Nf3 cxd4 5. Qxd4 Nc6 6. Qf4 f6 7. Nc3 g5 8. Qg3
Nh6 9. Bd3 Nb4 10. exf6 Nxd3+ 11. cxd3 exf6 12. Nxg5 fxg5 13. Bxg5 Qd7 14. O-O
Kf7 15. Rfe1 Nf5 16. Qf3 Rg8 17. Qh5+ Rg6 18. Re5 Kg8 19. Nxd5 Qf7 20. Rae1 Bd7
21. h4 h6 22. Nf4 Rg7 23. Bxh6 Qxh5 24. Nxh5 Nxh6 25. Nxg7 Bxg7 26. Rg5 Nf7 27.
Rg3 Kf8 28. Rc1 Bc6 29. b4 a6 30. d4 Rd8 31. h5 Bxd4 32. Rh3 Rd6 33. Re1 Rf6 34.
Re2 Ng5 35. Rg3 Ne4 36. Rg4 Bxf2+ 37. Kh2 Nd6 38. Rg6 Rxg6 39. hxg6 Bd4 40. Rd2
Be5+ 41. Kh3 Kg7 42. g4 Kxg6 43. Re2 Ne4 44. a4 Ng5+ 45. Kh4 Bf6 46. Kg3 Bxa4
47. Rd2 Bc6 48. Rd6 Ne4+ 0-1

[Event "Titled Tue 3rd Jan Late"]
[Site "chess.com INT"]
[Date "2025.06.03"]
[Round "10"]
[White "Pranav, V"]
[Black "Mitrabha, Guha"]
[Result "0-1"]
[WhiteTitle "GM"]
[BlackTitle "GM"]
[WhiteElo "2621"]
[BlackElo "2515"]
[WhiteFideId "25060783"]
[BlackFideId "5057000"]
[EventDate "2025.06.03"]

1. Nf3 Nf6 2. g3 b6 3. Bg2 Bb7 4. O-O c5 5. d3 g6 6. e4 Bg7 7. Nh4 Qc8 8. Nc3 d6
9. f4 O-O 10. h3 Nc6 11. Be3 Nd4 12. g4 a6 13. Bxd4 cxd4 14. Ne2 Nd7 15. Ng3 e5
16. f5 Bh6 17. Nf3 Be3+ 18. Kh1 Qc7 19. Qe2 Bf4 20. Qf2 Rac8 21. Ne1 Nf6 22. Ne2
Be3 23. Qg3 g5 24. c3 d5 25. Nc2 Bf4 26. Qe1 dxe4 27. Nxf4 exf4 28. dxe4 Nxe4
29. Nxd4 Rfe8 30. Kg1 Ng3 31. Qf2 Nxf1 32. Rxf1 Re3 33. Bxb7 Qxb7 34. Nf3 h6 35.
h4 f6 36. hxg5 hxg5 37. Qg2 Rd8 38. Qh3 Qh7 39. Qg2 Rdd3 40. Rf2 Qb7 41. Nd4 Rg3 0-1

[Event "Titled Tue 3rd Jan Late"]
[Site "chess.com INT"]
[Date "2025.06.03"]
[Round "10"]
[White "Aliyev, Elnur"]
[Black "Shandrygin, Nikita"]
[Result "0-1"]
[WhiteTitle "CM"]
[BlackTitle "FM"]
[WhiteElo "2155"]
[BlackElo "2209"]
[WhiteFideId "13402617"]
[BlackFideId "24198668"]
[EventDate "2025.06.03"]

1. d4 d5 2. Bg5 Nc6 3. e3 f6 4. Bh4 e5 5. dxe5 Nxe5 6. Nf3 Bd6 7. Nc3 c6 8. Bg3
Ne7 9. Bd3 O-O 10. e4 Nxf3+ 11. Qxf3 d4 12. Ne2 Ng6 13. Bc4+ Kh8 14. O-O-O c5
15. Bxd6 Qxd6 16. Qg3 Ne5 17. Bd5 Be6 18. Nf4 Bxd5 19. Nxd5 Rae8 20. Ne3 Qe6 21.
Nd5 f5 22. Kb1 Nc4 23. Qb3 Na5 24. Qb5 fxe4 25. Nc7 Qc6 26. Qxc6 Nxc6 27. Nxe8
Rxe8 28. c3 Kg8 29. cxd4 cxd4 30. Rhe1 Kf7 31. f3 e3 32. Rd3 Ke6 33. a3 Kd5 34.
Rc1 Ne5 35. Rb3 d3 36. Rb5+ Ke6 37. Re1 d2 38. Rd1 e2 39. Kc2 exd1=Q+ 40. Kxd1
Nc4 41. b3 Nd6 42. Rb4 Kd5 43. Kxd2 b5 44. Rg4 g6 45. Rh4 h5 46. g4 Re5 47. gxh5
Rxh5 48. Rg4 Rxh2+ 49. Kd3 Rh6 50. Rg5+ Kc6 51. a4 a6 52. axb5+ axb5 53. f4 Nf5
54. Ke4 Kc5 55. Ke5 Kb4 56. Kf6 Kxb3 57. Rxg6 Rxg6+ 58. Kxg6 Ne3 59. Kf6 Kc4 60.
Ke5 Kd3 61. f5 Nxf5 62. Kxf5 b4 63. Ke5 b3 0-1

[Event "Titled Tue 3rd Jan Late"]
[Site "chess.com INT"]
[Date "2025.06.03"]
[Round "10"]
[White "Zilberstein, Dmitry"]
[Black "Dovgaliuk, Oleksandr"]
[Result "1-0"]
[WhiteTitle "IM"]
[WhiteElo "2358"]
[BlackElo "2240"]
[WhiteFideId "2010739"]
[BlackFideId "14167247"]
[EventDate "2025.06.03"]

1. d4 Nf6 2. c4 g6 3. Nc3 d5 4. cxd5 Nxd5 5. g3 Bg7 6. Bg2 Nxc3 7. bxc3 c5 8. e3
cxd4 9. cxd4 e5 10. Ne2 exd4 11. exd4 O-O 12. O-O Nc6 13. Be3 Bg4 14. f3 Re8 15.
Bf2 Be6 16. Re1 Qd7 17. Qd2 Rad8 18. Rad1 Bh3 19. d5 Ne5 20. Nf4 Bxg2 21. Kxg2
Qa4 22. h4 h5 23. Re4 Qa3 24. Re3 Qa4 25. Qe2 Nc4 26. Re4 Rxe4 27. fxe4 Re8 28.
Re1 Nd6 29. Kf3 Rxe4 30. Qd3 f5 31. Rc1 Kh7 32. Nh3 Qxa2 33. Ng5+ Kh6 34. Kg2
Rxh4 35. gxh4 Be5 36. Nf3 Bf4 37. Re1 Ne4 38. Rxe4 fxe4 39. Qxe4 Bc1 40. Kg3 Qb2
41. Be3+ Bxe3 42. Qxe3+ Kg7 43. Qe7+ Kh6 44. d6 Qb4 45. Qg5+ Kg7 46. d7 Qd6+ 47.
Qe5+ Qxe5+ 48. Nxe5 1-0

[Event "Titled Tue 3rd Jan Late"]
[Site "chess.com INT"]
[Date "2025.06.03"]
[Round "10"]
[White "Mai, Alexander Oliver"]
[Black "Distaso, Antonio Pio"]
[Result "1-0"]
[WhiteElo "2171"]
[BlackElo "2253"]
[WhiteFideId "2313391"]
[BlackFideId "805548"]
[EventDate "2025.06.03"]

1. Nf3 d5 2. g3 Nc6 3. d4 Bf5 4. Bg2 Nb4 5. Na3 e6 6. O-O Nf6 7. c3 Nc6 8. Nc2
Bd6 9. Nce1 O-O 10. Nd3 Ne4 11. Bf4 Bxf4 12. Nxf4 h6 13. Rc1 Ne7 14. c4 c6 15.
Qb3 Rb8 16. Rfd1 g5 17. Nd3 Ng6 18. cxd5 exd5 19. Nfe5 f6 20. Nxg6 Bxg6 21. Nc5
Nxc5 22. Rxc5 Re8 23. e3 Kg7 24. Qc3 h5 25. b4 a6 26. a4 Be4 27. b5 Bxg2 28.
Kxg2 cxb5 29. axb5 b6 30. Rc7+ Re7 31. Rxe7+ Qxe7 32. bxa6 Ra8 33. Qd3 h4 34.
Rc1 Qd7 35. h3 hxg3 36. Kxg3 Rh8 37. Rh1 g4 38. Qd1 gxh3 39. Qg4+ Qxg4+ 40. Kxg4
Ra8 41. Kf5 Rxa6 42. Rxh3 Ra2 43. f3 Re2 44. e4 dxe4 45. fxe4 b5 46. Rb3 Rf2+
47. Ke6 Re2 48. e5 fxe5 49. dxe5 Kf8 50. Rxb5 Rd2 51. Rb8+ Kg7 52. Ke7 Re2 53.
e6 Rd2 54. Rb1 Rd3 55. Rg1+ Kh7 56. Kf7 Rf3+ 57. Ke8 Re3 58. e7 Rf3 59. Rg4 Rf5
60. Kd7 1-0

[Event "Titled Tue 3rd Jan Late"]
[Site "chess.com INT"]
[Date "2025.06.03"]
[Round "10"]
[White "Tikhonov, Viacheslav"]
[Black "Amarasinghe, A A C B"]
[Result "1-0"]
[WhiteTitle "CM"]
[BlackTitle "CM"]
[WhiteElo "2183"]
[BlackElo "1949"]
[WhiteFideId "44196407"]
[BlackFideId "9901809"]
[EventDate "2025.06.03"]

1. e4 e6 2. d4 d5 3. Bd3 dxe4 4. Bxe4 Nf6 5. Bf3 c5 6. Ne2 Nc6 7. Be3 cxd4 8.
Nxd4 Ne5 9. Be2 a6 10. O-O Bd6 11. a4 O-O 12. a5 Qc7 13. Nc3 Rd8 14. Kh1 Ng6 15.
Nf3 Bxh2 16. Qe1 Bf4 17. Bb6 Qe7 18. Bxd8 Qxd8 19. Qd1 Qc7 20. Bd3 Bd7 21. Nd4
Rd8 22. Qe2 Bc6 23. Nxc6 Qxc6 24. Bxg6 hxg6 25. Rad1 Rc8 26. Rfe1 g5 27. Qd3 Ng4
28. Re2 g6 29. Kg1 Kg7 30. Ne4 Rh8 31. Qc3+ Qxc3 32. Nxc3 Bh2+ 33. Kf1 Bc7 34.
Kg1 Bxa5 35. Rd7 Bxc3 36. bxc3 Rc8 37. Rxb7 Rxc3 38. f3 Ne3 39. Ra7 Nxc2 40.
Rxe6 Nb4 41. Ree7 1-0

[Event "Titled Tue 3rd Jan Late"]
[Site "chess.com INT"]
[Date "2025.06.03"]
[Round "10"]
[White "Chen, Yidong"]
[Black "Grzesik, Gracjan"]
[Result "0-1"]
[BlackTitle "CM"]
[WhiteElo "2038"]
[BlackElo "2175"]
[WhiteFideId "8607028"]
[BlackFideId "1194593"]
[EventDate "2025.06.03"]

1. e4 c5 2. Nf3 d6 3. d4 cxd4 4. Nxd4 Nf6 5. Nc3 a6 6. Be3 e5 7. Nb3 Be7 8. h3
O-O 9. Qf3 Be6 10. g4 b5 11. g5 Nfd7 12. h4 b4 13. Nd5 Bxd5 14. exd5 a5 15. Nd2
Na6 16. Rg1 Nac5 17. h5 f5 18. gxf6 Bxf6 19. Qg4 Kh8 20. h6 g6 21. Bh3 Qe7 22.
O-O-O Rfb8 23. Kb1 a4 24. Ne4 Nxe4 25. Qxe4 Ra5 26. f4 Nc5 27. Bxc5 Rxc5 28. Be6
exf4 29. Qxf4 b3 30. cxb3 axb3 31. a3 Rc2 32. Rd2 Bxb2 33. Rf1 Be5 34. Qe3 Bf6
35. Rdf2 Rxf2 36. Qxf2 Be5 37. Qf7 Qxf7 38. Rxf7 b2 39. Rc7 Ra8 40. Rc8+ Rxc8
41. Bxc8 Kg8 42. a4 Kf8 0-1

[Event "Titled Tue 3rd Jan Late"]
[Site "chess.com INT"]
[Date "2025.06.03"]
[Round "10"]
[White "Reinecke, Katharina"]
[Black "Clawitter, Craig"]
[Result "0-1"]
[WhiteTitle "WCM"]
[WhiteElo "1921"]
[BlackElo "2050"]
[WhiteFideId "12929727"]
[BlackFideId "2023105"]
[EventDate "2025.06.03"]

1. d4 e6 2. c4 Nf6 3. Nf3 d5 4. g3 Be7 5. Bg2 O-O 6. O-O dxc4 7. Ne5 Nc6 8. Nxc6
bxc6 9. Na3 Bxa3 10. bxa3 Rb8 11. Qa4 Qxd4 12. Be3 Qb2 13. Qxc4 Nd5 14. Bxa7 Qb5
15. Rac1 Rb7 16. Bc5 Rd8 17. e4 Nb6 18. Rfd1 Rd7 19. Qxb5 cxb5 20. Bxb6 Rxb6 21.
Rxd7 Bxd7 22. Rxc7 Rd6 23. Rb7 h5 24. f4 Rd1+ 25. Kf2 Rd2+ 26. Kf3 Bc6 27. Rb8+
Kh7 28. Bf1 f5 29. Bxb5 fxe4+ 30. Ke3 Rb2 31. a4 Bd5 32. Rc8 Rxa2 33. Be8 h4 34.
Bf7 Rxh2 35. Re8 hxg3 36. Bxe6 Bxe6 37. Rxe6 g2 38. f5 g1=Q+ 39. Kxe4 Qe1+ 40.
Kd5 Qxe6+ 41. fxe6 Rd2+ 42. Kc6 Ra2 43. e7 Re2 44. Kd7 g5 45. a5 g4 46. a6 g3
47. e8=Q Rxe8 48. Kxe8 g2 49. a7 g1=Q 50. a8=Q Qg8+ 51. Kd7 Qxa8 52. Kc7 Qg8 0-1

[Event "Titled Tue 3rd Jan Late"]
[Site "chess.com INT"]
[Date "2025.06.03"]
[Round "10"]
[White "Tahmasebi, Hamidreza"]
[Black "Rustamov, Rustam"]
[Result "0-1"]
[WhiteTitle "FM"]
[BlackTitle "FM"]
[WhiteElo "2298"]
[BlackElo "2323"]
[WhiteFideId "12537527"]
[BlackFideId "13440110"]
[EventDate "2025.06.03"]

1. e4 c5 2. Nf3 d6 3. d4 cxd4 4. Nxd4 e5 5. Bb5+ Bd7 6. Bxd7+ Qxd7 7. Nf5 Nf6 8.
Nc3 Nxe4 9. Nxg7+ Bxg7 10. Nxe4 d5 11. Bh6 O-O 12. Bxg7 Kxg7 13. Ng3 Nc6 14. O-O
f5 15. f4 e4 16. c3 d4 17. cxd4 Qxd4+ 18. Kh1 Qxd1 19. Rfxd1 Kg6 20. Rd6+ Rf6
21. Rad1 Rf8 22. Kg1 Nb4 23. Rxf6+ Rxf6 24. Rd7 Rc6 25. h4 h5 26. Rxb7 Nd3 27.
Rb5 Rc1+ 28. Kh2 e3 29. Rxf5 Nf2 30. Rg5+ Kf7 31. Rxh5 Ng4+ 32. Kh3 Nf2+ 33. Kh2
Rc2 34. Rf5+ Kg7 35. Rg5+ Kf7 36. Rf5+ Ke7 37. h5 Kd7 38. h6 e2 39. Nxe2 Rxe2
40. h7 Re8 41. Kg3 Ne4+ 42. Kh4 Rh8 43. Rf7+ Ke6 44. Rxa7 Nf6 45. g4 Nxh7 46.
f5+ Ke5 47. Ra5+ Kf4 48. Ra4+ Kf3 49. g5 Nf6# 0-1

[Event "Titled Tue 3rd Jan Late"]
[Site "chess.com INT"]
[Date "2025.06.03"]
[Round "10"]
[White "Vasquez Schroeder, Rodrigo"]
[Black "Rojas Alarcon, Julian Antonio"]
[Result "0-1"]
[WhiteTitle "GM"]
[BlackTitle "FM"]
[WhiteElo "2446"]
[BlackElo "2365"]
[WhiteFideId "3400042"]
[BlackFideId "5107407"]
[EventDate "2025.06.03"]

1. e4 c5 2. Nf3 d6 3. d4 cxd4 4. Nxd4 Nf6 5. Nc3 g6 6. Be2 Bg7 7. O-O O-O 8. Bg5
Nc6 9. Nb3 a5 10. a4 Be6 11. Qd2 Nb4 12. Nd4 Qc8 13. Kh1 Bc4 14. Rfd1 Qc5 15.
Be3 Bxe2 16. Qxe2 Qh5 17. f3 Rfc8 18. Ndb5 d5 19. g4 Qh3 20. e5 Ne8 21. Bd4 Nc7
22. Nxc7 Rxc7 23. Rd2 Rac8 24. Bb6 Rc4 25. Bxa5 Bh6 26. Rdd1 e6 27. Bxb4 Rxb4
28. Ra2 d4 29. Ne4 Rxc2 30. Nf2 Rxe2 31. Nxh3 Be3 32. f4 h6 33. f5 gxf5 34. gxf5
exf5 35. Ng1 Rexb2 36. Rxb2 Rxb2 37. Nf3 Rb4 38. a5 Kf8 39. Kg2 Ke7 40. Kg3 Ke6
41. Ra1 Kd5 42. a6 bxa6 43. Ra5+ Ke4 44. Ra2 Rb3 45. Kg2 f4 46. e6 fxe6 47. Ne1
d3 48. Nf3 Kd5 49. Ra5+ Kc4 50. Rxa6 d2 51. Ra1 Kd3 52. Kf1 Rc3 0-1